Getting the Best From Your 35MM SLR Camera (Record no. 12082)
[ view plain ]
| 000 -LEADER | |
|---|---|
| fixed length control field | 00361nam a2200145Ia 4500 |
| 008 - FIXED-LENGTH DATA ELEMENTS--GENERAL INFORMATION | |
| fixed length control field | 230312s9999||||xx |||||||||||||| ||und|| |
| 020 ## - INTERNATIONAL STANDARD BOOK NUMBER | |
| International Standard Book Number | 1-86108-347-5 |
| 082 ## - DEWEY DECIMAL CLASSIFICATION NUMBER | |
| Classification number | 771.32 |
| Item number | BUR-G |
| 100 ## - MAIN ENTRY--PERSONAL NAME | |
| Personal name | Burgess;Michael |
| 245 #0 - TITLE STATEMENT | |
| Title | Getting the Best From Your 35MM SLR Camera |
| 260 ## - PUBLICATION, DISTRIBUTION, ETC. | |
| Name of publisher, distributor, etc. | Michael |
| Place of publication, distribution, etc. | UK |
| Date of publication, distribution, etc. | 2004 |
| 300 ## - PHYSICAL DESCRIPTION | |
| Extent | 175 |
| 650 ## - SUBJECT ADDED ENTRY--TOPICAL TERM | |
| Topical term or geographic name entry element | Architecture |
| 942 ## - ADDED ENTRY ELEMENTS (KOHA) | |
| Koha item type | BOOK |
| Withdrawn status | Lost status | Source of classification or shelving scheme | Damaged status | Not for loan | Home library | Current library | Date acquired | Total Checkouts | Full call number | Barcode | Date last seen | Price effective from | Koha item type |
|---|---|---|---|---|---|---|---|---|---|---|---|---|---|
| Dewey Decimal Classification | Superior Information Resource Center (SIRC) Superior University- Main Campus | Superior Information Resource Center (SIRC) Superior University- Main Campus | 03/13/2023 | 771.32 BUR-G | 12213 | 03/13/2023 | 03/13/2023 | BOOK |
